00489cam a2200169 a 45000010009000000050017000090080041000260200015000670400013000820820021000951000020001162450046001362600059001823000012002416500034002536500032002871182196620240212000815.0990715s1999 ii ab b 001 0 eng  a8173101213 aDLCcDLC 222a307.72bARU.1 aRoy, Arundhati.14aThe greater common good /cArundhati Roy. aBombay :bIndia Book Distributor (Bombay) Ltd.,c1999. a76 p. : 0aEconomic development projects 0aWater resources development